01562 2200613 4500001002100000005001500021035002000036245002800056250002400084020002200108260003400130100001100164500001100175504003100186040001200217082001500229084002100244041000800265008004100273300002700314650003100341990001800372990001800390990001800408990001800426990001800444990001800462990001800480990001800498990001800516990001800534990001800552990001800570990001800588990001800606990001800624990001800642990001800660990001800678990001800696990001800714990001800732990001800750990001800768990001800786990001800804990001800822990001800840990001800858990001800876990001800894990001800912990001800930INLIS00000000000157920200218014207 a0010-10190000801 aKewirausahaan /cKasmir aed. revisi, cet. 12 a978-979-769-051-9 aDepok :bRajawali Pers,c20180 aKasmir aindeks aBibliografi : hlm. 345-347 aJBPDBAN a338.040 68 a338.040 68 KAS k aInd200218 e 0 ind  axv, 374 hlm. ;c21 cm. aKewiraswastaan - Manajemen a19/400748/PBI a19/400749/PBI a19/400750/PBI a19/400751/PBI a19/400751/PBI a19/400748/PBI a19/400749/PBI a19/400750/PBI a19/400750/PBI a19/400748/PBI a19/400749/PBI a19/400751/PBI a19/400749/PBI a19/400748/PBI a19/400750/PBI a19/400751/PBI a19/400748/PBI a19/400749/PBI a19/400750/PBI a19/400751/PBI a19/400749/PBI a19/400748/PBI a19/400750/PBI a19/400751/PBI a19/400750/PBI a19/400748/PBI a19/400749/PBI a19/400751/PBI a19/400751/PBI a19/400748/PBI a19/400749/PBI a19/400750/PBI